One AC Milan Player by Nation - Statistics

General Stats
  • This quiz has been taken 5,133 times
    1,073 since last reset
  • The average score is 16 of 20
Answer Stats
Nation Player % Correct
Italy Paolo Maldini | Alessandro Costacurta | Massimo Ambrosini | +151 others
100%
Brazil Kaká | Dida | Serginho | Cafú | +25 others
99%
France Marcel Desailly | Theo Hernández | Mathieu Flamini | +18 others
97%
Netherlands Clarence Seedorf | Frank Rijkaard | Marco van Basten | +13 others
95%
Croatia Zvonimir Boban | Dario Šimić | Ante Rebić | +5 others
93%
Portugal Rafael Leão | Rui Costa | André Silva | +3 others
92%
England Fikayo Tomori | David Beckham | Ruben Loftus-Cheek | +2 others
89%
Spain Suso | Samu Castillejo | Brahim Díaz | +10 others
89%
United States Sergiño Dest | Christian Pulisic | Yunus Musah
84%
Sweden Zlatan Ibrahimović | Jesper Blomqvist | Andreas Andersson
84%
Argentina Mateo Musacchio | Lucas Biglia | Andrés Guglielminpietro | +14 others
80%
Denmark Thomas Helveg | Jon Dahl Tomasson | Simon Kjær | +2 others
76%
Switzerland Ricardo Rodríguez | Noah Okafor | Johann Vogel | +3 others
67%
Belgium Alexis Saelemaekers | Charles De Ketelaere | Divock Origi | +2 others
66%
Ghana Kevin-Prince Boateng | Sulley Muntari | Michael Essien
64%
Colombia Cristián Zapata | Carlos Bacca | Mario Yepes | +1 other
63%
Algeria Ismaël Bennacer | Djamel Mesbah | Samir Beloufa
61%
Germany Oliver Bierhoff | Christian Ziege | Jens Lehmann | +1 other
61%
Serbia Dejan Savićević | Luka Jović | Marko Lazetić | +1 other
60%
Nigeria Taribo West | Taye Taiwo | Samuel Chukwueze | +2 others
52%
No matching quizzes found
Score Distribution
Percent of People with Each Score
Percentile by Number Answered
Your Score History
You have not taken this quiz since the last reset